000 01659nam a2200289Ia 4500
001 E9361
003 IT-RoPAU
008 130308s9999 xx 000 0 und d
040 _aIT-RoPAU
040 _cIT-RoPAU
041 _aITALIANO
100 _aCaprettini Gianpaolo
100 _gCodice Aut. SPICS: 11221
245 _aOrdine e disordine
245 _bOrdine e Disordine
250 _a1a ed.
260 _aROMA
260 _bMeltemi
260 _c1998 [1° Ed.:1998 - Ed.Ling.Originale:1998]
300 _a"216 p. (prefazione: no ; testo: 216)"
500 _aSemiotica nella Piazza Universale. Identità ed Eredità Culturale, progetto Comunicativo: Unità e tensioni nella Cultura, Cultura e Comunicazione, Memoria della Cultura e Sua Funzione, Dialogo ed Educare a Comunicare, Metalinguaggio. Migrazioni Simboliche e integrazione dei Linguaggi. Libro e Lettura: Difficile Navigazione. Comprensione Come compito Comunicativo. Aspetti Semiotici dell'Immagine. Telefono, Elenchi telefonici e Piazza Universale. vocabolario e Discorso del Matrimonio. vino e Melanconia: Dai Problemi Aristotelici Agli interrogativi Quotidiani. Mito sacra Scrittura e Fiaba Mitodecaduto. giocare per giocare e giocare per Sapere. in Questo Libro si Ripercorrono Tradizioni e contaminazioni del Presente: Dalla dottrina degli Umori all'immaginario della Maldicenza, Dai Simboli delle Fiabe a quelli dei Testi Letterari, dal Linguaggio degli Elenchi telefonici a Quello degli Oggetti di Consumo, Dalla Pubblicità Alla Comunicazione Quotidiana.
650 _aSEMIOLOGIA
650 _eCodice materia Spics: 3251
942 _cBK
957 _71
999 _c88143
_d88143
999 _g1